000
00327 a2200121 4500
000
nam a22 7a 4500
005
20260507150503.0
020
_a
9789348409928
100
_a
Pt. Gauridutt Sharma, Ed. Garima Srivastava
_9
1238777
245
_a
Devrani Jethani Ki Kahani
260
_b
Ananya Prakashan
_c
2025
942
_c
TEXL
999
_c
1851109
_d
1851109